Four five : (Record no. 10017)
[ view plain ]
| 000 -LEADER | |
|---|---|
| fixed length control field | 00696cam a2200241 4500 |
| 001 - CONTROL NUMBER | |
| JCCL Control Number | 10017 |
| 003 - CONTROL NUMBER IDENTIFIER | |
| JCCL marc code | BD-JhCC |
| 005 - DATE AND TIME OF LATEST TRANSACTION | |
| control field | 20180404122041.0 |
| 008 - FIXED-LENGTH DATA ELEMENTS--GENERAL INFORMATION | |
| fixed length control field | 180404s1972 enkabc 001 0 eng |
| 020 ## - INTERNATIONAL STANDARD BOOK NUMBER | |
| International Standard Book Number | 0850520932 |
| 035 ## - SYSTEM CONTROL NUMBER | |
| system control number | (BD-JhCC)10017 |
| 040 ## - CATALOGING SOURCE | |
| Original cataloging agency | DLC |
| Transcribing agency | DLC |
| Modifying agency | DLC |
| -- | BD-JhCC |
| 041 ## - LANGUAGE CODE | |
| Language code of Book | eng |
| 050 00 - LIBRARY OF CONGRESS CALL NUMBER | |
| Classification number | VE57 |
| Item number | .Y68 1972 |
| 082 00 - DEWEY DECIMAL CLASSIFICATION NUMBER | |
| Classification number | 359.9/6/0942 |
| Author mark and Year | YOU 1972 |
| 100 1# - MAIN ENTRY--PERSONAL NAME | |
| Personal name | Young, David, |
| Dates associated with a name | 1942- |
| 245 10 - TITLE STATEMENT | |
| Title | Four five : |
| Remainder of title | the story of 45 Commando, Royal Marines, 1943-1971 / |
| 260 ## - PUBLICATION, DISTRIBUTION, ETC. (IMPRINT) | |
| Place of publication, distribution, etc | London : |
| Name of publisher, distributor, etc | Cooper, |
| Date of publication, distribution, etc | 1972. |
| 300 ## - PHYSICAL DESCRIPTION | |
| Pagination | xiv, 463, [16] p. |
| Other physical details | illus., maps, ports. |
| Dimensions | 23 cm. |
| 610 10 - SUBJECT ADDED ENTRY--CORPORATE NAME | |
| Corporate name or jurisdiction name as entry element | Great Britain. |
| Subordinate unit | Royal Marines. |
| -- | Commando, 45. |
| 942 ## - ADDED ENTRY ELEMENTS (KOHA) | |
| Source of classification or shelving scheme | Dewey Decimal Classification |
| Koha item type | Reference |
| Source of classification or shelving scheme | Damaged status | Not for loan | Home library | Current library | Shelving location | Date of accession | Total Checkouts | Full call number | Barcode | Date last seen | Copy number | Koha item type |
|---|---|---|---|---|---|---|---|---|---|---|---|---|
| Dewey Decimal Classification | JCC Rouf Library | JCC Rouf Library | General Stacks | 04/04/2018 | 359.9/6/0942 YOU 1972 | 13452 | 04/04/2018 | C-1 | Reference |